| 000 | 00818cam a2200277 4500 | ||
|---|---|---|---|
| 001 | J60822 | ||
| 008 | 000000n2000 000 0 eng u | ||
| 035 | _a(Sirsi) u105245 | ||
| 041 | _aeng | ||
| 050 | _a332.6324 | ||
| 110 |
_aCB Hillier Parker _93660 |
||
| 245 | _aAverage yields brief - Quarter 1 2000 | ||
| 260 |
_aLondon _bCB Hillier Parker _c2000 |
||
| 300 | _a1pt. ; 30cm. | ||
| 520 | _aQ2 Was never published. For quarter 3 see J62392 Rent and yield monitor market index brief | ||
| 650 | _aAVERAGE YIELDS | ||
| 650 | _aEQUITIES | ||
| 650 | _aGILTS | ||
| 650 | _aINDUSTRIAL PROPERTY | ||
| 650 | _aOFFICES | ||
| 650 | _aPROPERTY INVESTMENT | ||
| 650 | _aPROPERTY MARKET | ||
| 650 | _aSHOPS | ||
| 690 | _aPROPERTY-COMMERCIAL PROPERTY-COMMERCIAL PROPERTY FINANCE AND INVESTMENT | ||
| 942 | _n0 | ||
| 999 |
_c100338 _d100338 |
||